| 000 | 00893nam a2200277 i 4500 | ||
|---|---|---|---|
| 001 | 7675 | ||
| 003 | ES-MaACL | ||
| 005 | 20240123173636.0 | ||
| 007 | t| | ||
| 008 | 910321s1991 sp ||||1| spa d | ||
| 020 | _a84-339-0766-2 | ||
| 080 | _a92 Joyce, James | ||
| 080 | _a82(Joyce,J.):92 | ||
| 100 | 1 |
_aEllmann, Richard. _947057 |
|
| 245 | 1 | 0 |
_aJames Joyce / _cRichard Ellmann ; traduccion de Enrique Castro y Beatriz Blanco. |
| 260 |
_aBarcelona : _bAnagrama, _cD.L. 1991. |
||
| 300 |
_a942 p., [55] p. de fot. ; _c23 cm. |
||
| 490 | 1 |
_aBiblioteca de la memoria ; _v1 |
|
| 500 | _aIndice. | ||
| 600 | 1 | 4 |
_aJoyce, James, _d1882-1941- _xBiografĂas _967078 |
| 700 | 1 |
_aCastro, Enrique. _936846 |
|
| 700 | 1 |
_aBlanco, Beatriz. _929171 |
|
| 830 | 0 |
_aBiblioteca de la memoria ; _v1 _9177960 |
|
| 852 |
_aES-MaACL _jL-14994 _bR.119188 _z. - cart. |
||
| 999 |
_c7675 _d7675 |
||